000 01357nam a2200337 a 4500
001 000113110
003 CHAP
005 20220329144339.0
008 170425s2016 mx sm |||||||spa d
010 _a109571
011 _a110543
040 _cCHAP
090 _aTesis
100 1 _aRivera Martínez, Gerardo.
_9131996
245 1 3 _aEl capital humano y capital social, elementos para el desarrollo territorial en Poytzén Tancanhuitz, San Luis Potosí
_h[En línea]
_cpor Gerardo Rivera Martínez.
260 _aChapingo, Méx. :
_bEl autor,
_c2016.
500 _aPara ver el contenido del material haga clic en la liga
502 _aTesis (M.C. en Desarrollo Rural Regional ) -- UACH. Dirección de Centros Regionales Universitarios
590 _aE11695DGD
_b10
_c20170428
_lUCH01
_h1143
590 _aE5765TAJ
_b05
_c20170425
_lUCH01
_h0936
590 _aE5765TAJ
_b05
_c20170425
_lUCH01
_h0937
590 _aE5765TAJ
_b05
_c20170425
_lUCH01
_h0937
650 1 4 _aCapital humano
_xDesarrollo
_zSan Luis Potosí.
_9131997
650 1 4 _aCapital social
_xDesarrollo
_zSan Luis Potosí.
_9131998
650 1 4 _aDesarrollo económico
_zSan Luis Potosí.
_9129268
650 1 4 _aDesarrollo sustentable
_zSan Luis Potosí.
_9129267
856 _aFinding aid
_uhttp://10.13.5.2/tesis/sist113110.pdf
_zTeclea aquí
901 _aBK
942 _cTESIS
942 _n0
999 _c109571
_d109571